Directorium in quo continetur Ordo Divini Officii recitandi sacrique peragendi anno Domini MCMX Pascha recurrente die 27 maritii. A Venerabili Clero Saeculari Archidioeceseos Mexicanae juxta Rubricas Breviarii Missalisque Romani ac Sacrae Rituum Congregationis novissima decreta a presbytero Jesu Franco sanctae metropolitanae ecclesiae primo sacrarum coeremoniarum magistro dispositum atque editum

Detalles Bibliográficos
Autor Corporativo: Iglesia Católica
Otros Autores: Franco, Jesús
Formato: Libro
Lenguaje:Latin
Publicado: Ratisbonae 1910
Materias:
Colección:Banco de datos
Acervo:Biblioteca de la Congregación del Oratorio de San Felipe Neri de México. Iglesia La Profesa
Descripción Física:154 p., [1] h., 4 p. 16 cm.
Tema general:Liturgia
Notas:Encuadernación en cartón con lomo en keratol (841, 842). Daños en la encuadernación (841)
LEADER 01050nam a22001810004500
035 |a 691 
041 0 |a lat 
110 1 |a Iglesia Católica 
245 1 0 |a Directorium in quo continetur Ordo Divini Officii recitandi sacrique peragendi anno Domini MCMX Pascha recurrente die 27 maritii. A Venerabili Clero Saeculari Archidioeceseos Mexicanae juxta Rubricas Breviarii Missalisque Romani ac Sacrae Rituum Congregationis novissima decreta a presbytero Jesu Franco sanctae metropolitanae ecclesiae primo sacrarum coeremoniarum magistro dispositum atque editum 
260 |a Ratisbonae  |b typis Friderici Pustet, S. Sedis Apost. et S. Rit. Congr. typographi  |c 1910 
300 |a 154 p., [1] h., 4 p.  |c 16 cm. 
500 |a Encuadernación en cartón con lomo en keratol (841, 842). Daños en la encuadernación (841) 
650 1 0 |a Liturgia 
700 1 |a Franco, Jesús 
949 |a Iglesia La Profesa, Biblioteca 841, 842 
942 |c PROFESA 
943 |g Biblioteca de la Congregación del Oratorio de San Felipe Neri de México. Iglesia La Profesa 
999 |c 947502  |d 947502